Interpretación de estados contables (Registro nro. 1830)
[ vista simple ]
| 000 -LEADER | |
|---|---|
| fixed length control field | 01078 a2200193 4500 |
| 001 - CONTROL NUMBER | |
| control field | 29279 |
| 005 - DATE AND TIME OF LATEST TRANSACTION | |
| control field | 20260407155602.0 |
| 008 - FIXED-LENGTH DATA ELEMENTS--GENERAL INFORMATION | |
| fixed length control field | 260407a1976 arg spa d |
| 003 - CONTROL NUMBER IDENTIFIER | |
| control field | AR-UNSa-BCEJYS |
| 040 ## - CATALOGING SOURCE | |
| Original cataloging agency | AR-UNSa-BCEJYS |
| Language of cataloging | spa |
| Transcribing agency | AR-UNSa-BCEJYS |
| 080 ## - UNIVERSAL DECIMAL CLASSIFICATION NUMBER | |
| Universal Decimal Classification number | 657.3 |
| Common auxiliary subdivision | Presupuestos. Cierre de Cuentas. Balances (Estados Contables) |
| 100 1# - MAIN ENTRY--PERSONAL NAME | |
| Personal name | Arreghini, Hugo Ricardo |
| 245 10 - TITLE STATEMENT | |
| Title | Interpretación de estados contables |
| 264 #1 - PRODUCTION, PUBLICATION, DISTRIBUTION, MANUFACTURE, AND COPYRIGHT NOTICE | |
| Place of production, publication, distribution, manufacture | Buenos Aires : |
| Name of producer, publisher, distributor, manufacturer | El Coloquio |
| Date of production, publication, distribution, manufacture, or copyright notice | 1976 |
| 300 ## - PHYSICAL DESCRIPTION | |
| Extent | 378 p. |
| Dimensions | 22 cm. |
| 505 ## - FORMATTED CONTENTS NOTE | |
| Formatted contents note | 1. Estados contables, interpretación – 2. Estado de resultados – 3. Estado de situación patrimonial – 4. Medición e interpretación – 5. Comparación de estados de situación patrimonial – 6. Capital operativo o capital corriente – 7. Estado de situación sobre la base de datos históricos – 8. Estado de variaciones del resultado neto – 9. Relaciones estructurales y análisis vertical – 10. Retorno sobre la inversión – 11. Análisis de la situación financiera a largo plazo. |
| 590 ## - LOCAL NOTE (RLIN) | |
| Local note | niveau_biblio:m niveau_hierar:0 |
| 942 ## - ADDED ENTRY ELEMENTS (KOHA) | |
| Koha item type | |
| Withdrawn status | Lost status | Damaged status | Not for loan | Home library | Current library | Shelving location | Date acquired | Total checkouts | Full call number | Barcode | Date last seen | Price effective from | Koha item type |
|---|---|---|---|---|---|---|---|---|---|---|---|---|---|
| Biblioteca Prof. Eusebio Cleto del Rey | Biblioteca Prof. Eusebio Cleto del Rey | 07/04/2026 | 657.3 A774i | L28582 | 07/04/2026 | 07/04/2026 | Libro | ||||||
| Biblioteca Prof. Eusebio Cleto del Rey | Biblioteca Prof. Eusebio Cleto del Rey | 07/04/2026 | 657.3 A774i | L28583 | 07/04/2026 | 07/04/2026 | Libro | ||||||
| Biblioteca Prof. Eusebio Cleto del Rey | Biblioteca Prof. Eusebio Cleto del Rey | 07/04/2026 | 657.3 A774i | L28581 | 07/04/2026 | 07/04/2026 | Libro |